| Tag |
First Indicator |
Second Indicator |
Subfields |
| LEADER |
00000pam a2200000 i 4500 |
| 001 |
in00000037978 |
| 005 |
20151007080741.0 |
| 008 |
790418s1979 ctua b 10110 eng |
| 010 |
|
|
|a 78074655
|
| 020 |
|
|
|a 0313210721 :
|c $25.00
|
| 035 |
|
|
|a (OCoLC)04933528
|
| 035 |
|
|
|9 AAF5316AM
|
| 040 |
|
|
|a DLC
|c DLC
|d TXA
|d UtOrBLW
|
| 043 |
|
|
|a n-us---
|
| 049 |
|
|
|a TXAM
|c [1652894]
|
| 050 |
0 |
0 |
|a PN2221
|b .C65 1977
|
| 082 |
0 |
|
|a 790.2
|
| 111 |
2 |
|
|a Conference on the History of American Popular Entertainment
|d (1977 :
|c New York Public Library at Lincoln Center)
|
| 245 |
1 |
0 |
|a American popular entertainment :
|b papers and proceedings of the Conference on the History of American Popular Entertainment /
|c edited by Myron Matlaw ; sponsored jointly by American Society for Theatre Research, Theatre Library Association.
|
| 264 |
|
1 |
|a Westport, Conn. :
|b Greenwood Press,
|c 1979.
|
| 300 |
|
|
|a xiv, 338 pages :
|b illustrations ;
|c 25 cm.
|
| 336 |
|
|
|a text
|b txt
|2 rdacontent
|
| 337 |
|
|
|a unmediated
|b n
|2 rdamedia
|
| 338 |
|
|
|a volume
|b nc
|2 rdacarrier
|
| 490 |
1 |
|
|a Contributions in drama and theatre studies,
|x 0-163-3821 ;
|v no. 1
|
| 500 |
|
|
|a Includes index.
|
| 504 |
|
|
|a Bibliography: pages [301]-324.
|
| 650 |
|
0 |
|a Performing arts
|z United States
|x History
|x Congresses.
|
| 650 |
|
0 |
|a Popular culture
|z United States
|x Congresses.
|
| 700 |
1 |
|
|a Matlaw, Myron,
|d 1924-
|
| 710 |
2 |
|
|a American Society for Theatre Research.
|
| 710 |
2 |
|
|a Theatre Library Association.
|
| 830 |
|
0 |
|a Contributions in drama and theatre studies ;
|v no. 1.
|
| 999 |
|
|
|a MARS
|
| 999 |
f |
f |
|s 42007ed8-bdd6-31cb-a86a-ef2ffa0de47e
|i 44b82f44-bac3-36d0-a68e-92cfe40ebd51
|t 0
|
| 952 |
f |
f |
|p ric
|a Texas A&M University
|b Rellis Campus
|c Joint Library Facility
|d Remote Storage
|t 0
|e PN2221 .C65 1977
|h Library of Congress classification
|i unmediated -- volume
|m A14803701026
|
| 998 |
f |
f |
|a PN2221 .C65 1977
|t 0
|l Remote Storage
|